| 000 | 02900nam a2200409 i 4500 | ||
|---|---|---|---|
| 001 | 193377 | ||
| 003 | SpMaBN | ||
| 005 | 20250630060312.0 | ||
| 007 | ta | ||
| 008 | 201029s2020 sp | |||| 000 f spa | ||
| 017 |
_aM 6621-2020 _bOficina Depósito Legal Madrid |
||
| 020 | _a9788494180088 | ||
| 035 | _aa6730054 | ||
| 040 |
_aSpMaBN _bspa _cSpMaBN _erda |
||
| 080 | _a821.134.2-31"19" | ||
| 100 | 1 |
_aBilbao, Daniel, _d1960- _4aut _9234543 _eaut |
|
| 245 | 1 | 3 |
_aEl perro ladrador / _cDaniel Bilbao |
| 246 | _aLas crónicas de Güilliam de Canford | ||
| 264 | 1 |
_aMadrid : _bMong, _c2020 |
|
| 300 |
_a145 páginas ; _c23 cm |
||
| 336 |
_aTexto _2rdacontent |
||
| 337 |
_asin mediación _2rdamedia |
||
| 338 |
_avolumen _2rdacarrier |
||
| 490 | 0 |
_aLas crónicas de Güilliam de Canford, el arquero siniestro sindedos ; _v[1] |
|
| 500 | _aEn cub.: "Una novela negra de la Edad Media" | ||
| 500 | _aPrimer libro de Las Crónicas de Güilliam de Canford. | ||
| 520 | _aCorre el año 1476. Güilliam de Canford, conocido como el Arquero Siniestro Sindedos, se dirige a cumplir una misión encomendada por el rey Fernando de Aragón cuando es encerrado en las mazmorras del castillo de Frías con otros dos prisioneros: un prestamista judío y una supuesta bruja, María la Gatusa. Desconocen de qué crímenes se les acusa, pero aun así los obligarán a confesar su culpabilidad, y eso los llevaría a la horca. En la mejor tradición de la novela negra, donde el Colt es reemplazado por el arco y las flechas, Güilliam busca desentrañar un misterio muy singular y descubrir a un insólito culpable. Le va la vida en ello y pondrá en juego su sarcasmo y la falta de escrúpulos propia del mercenario que es. Acompañado de María la Gatusa, que no es ni una dama ni una bruja aunque podría ser ambas, Güilliam nos adentra en el turbio ambiente de una ciudad medieval y sus más representativos personajes. Sus pesquisas lo llevan a intimidar a un tahúr, chantajear a un religioso, amenazar a un artesano, desafiar a un caballero armado y enfrentarse a la nobleza. De paso, nos proporciona una visión crítica de la época, a veces sórdida y otras surrealista, pero siempre ocurrente. Este sainete medieval se resuelve con la elegancia de los mejores relatos de misterio y el añadido de dejarnos con una sonrisa en la boca. | ||
| 655 | 7 |
_aNovelas negras _2tgfbne _9226784 |
|
| 655 | 7 |
_aNovelas históricas _2tgfbne _9226782 |
|
| 852 |
_aES-MaACL _bR. 154757 _cDEPOJ _jN-9536 _9200823 _hDonativo: Daniel Bilbao _gDedicatoria autógrafa del autor _xEncuadernación rústica con solapas |
||
| 903 |
_9234543 _aBilbao, Daniel, _d1960- _ednr |
||
| 942 |
_n0 _cMONOGRAFIA |
||
| 999 |
_c193377 _d193377 |
||